| Art - Music/Opera | 5 | 16.00 | 80% | 20% | 60% |
| Art - Other | 2 | 10.00 | 0% | 100% | 0% |
| Art - Painting/Sculpture | 5 | 18.00 | 40% | 60% | 80% |
| Art - Visual | 3 | 16.67 | 100% | 33% | 33% |
| Current Events/Modern World - Rest of world social | 1 | 20.00 | 100% | 100% | 0% |
| Geography - Mixed/any | 1 | 20.00 | 100% | 100% | 0% |
| Geography - Non-U.S. Americas | 1 | 20.00 | 0% | 100% | 100% |
| Geography - Oceania/Pacific | 1 | 20.00 | 0% | 100% | 100% |
| Geography - United States | 1 | 20.00 | 0% | 100% | 100% |
| History - American | 6 | 15.00 | 33% | 83% | 33% |
| History - European | 5 | 14.00 | 60% | 40% | 40% |
| History - Other | 4 | 15.00 | 25% | 50% | 75% |
| History - World | 7 | 11.43 | 14% | 43% | 57% |
| Literature - American any | 1 | 10.00 | 0% | 100% | 0% |
| Literature - American long fiction | 4 | 17.50 | 75% | 50% | 50% |
| Literature - American poetry | 1 | 20.00 | 100% | 100% | 0% |
| Literature - British drama | 2 | 10.00 | 50% | 50% | 0% |
| Literature - British long fiction | 2 | 15.00 | 100% | 0% | 50% |
| Literature - British poetry | 2 | 5.00 | 0% | 0% | 50% |
| Literature - British short fiction | 2 | 15.00 | 100% | 0% | 50% |
| Literature - European drama | 1 | 20.00 | 100% | 100% | 0% |
| Literature - European long fiction | 1 | 20.00 | 0% | 100% | 100% |
| Literature - European poetry | 2 | 5.00 | 0% | 50% | 0% |
| Literature - European short fiction | 1 | 20.00 | 100% | 0% | 100% |
| Literature - World/Misc any | 1 | 20.00 | 100% | 0% | 100% |
| Literature - World/Misc long fiction | 1 | 20.00 | 100% | 0% | 100% |
| Literature - World/Misc short fiction | 1 | 10.00 | 100% | 0% | 0% |
| Mythology - Egyptian | 1 | 10.00 | 100% | 0% | 0% |
| Mythology - Greco/Roman | 3 | 6.67 | 0% | 67% | 0% |
| Mythology - Hindu | 1 | 20.00 | 100% | 0% | 100% |
| Mythology - Mixed/Any | 1 | 10.00 | 100% | 0% | 0% |
| Mythology - Norse | 1 | 10.00 | 0% | 0% | 100% |
| Other Academic/Cross-Category - Any | 1 | 20.00 | 100% | 100% | 0% |
| Philosophy - Ancient | 1 | 10.00 | 100% | 0% | 0% |
| Philosophy - Enlightenment | 1 | 20.00 | 100% | 100% | 0% |
| Philosophy - Mixed/Any | 1 | 20.00 | 0% | 100% | 100% |
| Philosophy - Pre-20th | 1 | 10.00 | 0% | 0% | 100% |
| Religion - Buddhism | 1 | 10.00 | 0% | 0% | 100% |
| Religion - Christianity/Judaism | 1 | 20.00 | 0% | 100% | 100% |
| Religion - Hinduism | 2 | 10.00 | 50% | 50% | 0% |
| Science - Astronomy | 1 | 10.00 | 100% | 0% | 0% |
| Science - Biology | 5 | 10.00 | 20% | 20% | 60% |
| Science - Chemistry | 5 | 16.00 | 40% | 40% | 80% |
| Science - Compsci | 1 | 10.00 | 0% | 0% | 100% |
| Science - Earth | 1 | 10.00 | 0% | 0% | 100% |
| Science - Engineering | 1 | 10.00 | 0% | 0% | 100% |
| Science - Other | 3 | 10.00 | 67% | 33% | 0% |
| Science - Physics | 5 | 14.00 | 80% | 0% | 60% |
| Social Science - Economics | 1 | 0.00 | 0% | 0% | 0% |
| Social Science - Law | 1 | 20.00 | 100% | 100% | 0% |
| Social Science - Mixed/Any | 1 | 10.00 | 100% | 0% | 0% |
| Social Science - Psychology | 3 | 16.67 | 33% | 33% | 100% |
| Social Science - Sociology | 1 | 10.00 | 0% | 0% | 100% |